[Event "36. Open Untergrombach A-Turnier"]
[Site "?"]
[Date "2019.01.05"]
[Round "5.10"]
[White "Cofmann, Veaceslav"]
[Black "Schott, Reimund"]
[Result "1-0"]
[WhiteElo "2205"]
[BlackElo "1970"]
[PlyCount "79"]

1. d4 Nf6 2. c4 e6 3. Nf3 b6 4. g3 Bb7 5. Bg2 Be7 6. O-O O-O 7. Nc3 Ne4 8. Qc2
Nxc3 9. Qxc3 c5 10. Rd1 d6 11. b3 Bf6 12. Bb2 Qe7 13. Qc2 Rd8 14. e4 cxd4 15.
Nxd4 Na6 16. Nb5 Bxb2 17. Qxb2 Nc5 18. Qd4 e5 19. Qe3 a6 20. Nc3 Ne6 21. Qxb6
Nd4 22. Nd5 Bxd5 23. exd5 a5 24. c5 dxc5 25. Kh1 Qa7 {(=)} 26. Qxa7 Rxa7 27.
Rac1 a4 28. bxa4 Rxa4 29. Rxc5 Rxa2 30. Kg1 Kf8 31. Rb1 Ke7 32. Rb7+ Rd7 33.
d6+ Kxd6 34. Rd5+ Ke6 35. Rdxd7 Ra1+ 36. Bf1 g5 37. Kg2 g4 38. Bc4+ Kf5 39.
Rxf7+ Ke4 40. Rbe7 1-0

[Event "36. Open Untergrombach A-Turnier"]
[Site "?"]
[Date "2019.01.05"]
[Round "6.1"]
[White "Shishkin, Vadim"]
[Black "Meijers, Viesturs"]
[Result "1/2-1/2"]
[WhiteElo "2452"]
[BlackElo "2433"]
[PlyCount "49"]

1. d4 Nf6 2. c4 e6 3. Nc3 Bb4 4. Qc2 c5 5. dxc5 O-O 6. a3 Bxc5 7. Nf3 b6 8. Bf4
Bb7 9. Rd1 Nh5 10. Bg3 Be7 11. e3 h6 12. Qd3 Nxg3 13. hxg3 Bf6 14. Be2 Qe7 15.
g4 Rd8 16. Rh5 d5 17. g5 Bxc3+ 18. Qxc3 hxg5 19. Rxg5 f6 20. Rg3 Nd7 21. Qd4
Nf8 22. Qh4 dxc4 23. Rxd8 Rxd8 24. Nd4 Bd5 25. Rg4 1/2-1/2

[Event "36. Open Untergrombach A-Turnier"]
[Site "?"]
[Date "2019.01.05"]
[Round "6.2"]
[White "Wilhelm, Jochen"]
[Black "Ikonnikov, Vyacheslav"]
[Result "1/2-1/2"]
[WhiteElo "2108"]
[BlackElo "2544"]
[Annotator "GM Davor Rogic"]
[PlyCount "58"]
[EventDate "2019.??.??"]

{Open tournaments have a challenge for high percent of points and to collect
them is not easy even for GMs. This game is a typical one where the GM with
Black desperatly tries to win and chooses one of out of topic opening system.} 
1. e4 g6 2. d4 Bg7 3. Nc3 d6 4. Nf3 a6 5. a4 b6 {Black give white all space
and center just for nothing. This is not what I can suggest but some
professionals play this system regularly. The main idea is to put the
opponente out of theory as soon as possible.} 6. Bc4 e6 7. O-O Ne7 8. Be3 Bb7
9. Qd2 h6 10. Rfe1 Nd7 11. Rad1 {White plays classically with centralization
of all his forces. This is one of the best methods from my opinion.} Nf6 12.
Bd3 g5 {Fist sign of Black 'activity'. No special threat for white, he is
simply very good developed and can wait to open a game with all his forces
ready for fight.} 13. Qe2 ({Possible was} 13. d5 e5 14. a5 b5 15. h4 g4 16. Nh2
Qd7 17. Nf1 Ng6 18. g3 {and then open Queen side with 'c' pawn. Advantage is
on white side.}) 13... Nd7 14. Nb1 {This is little too slow. It was time to
close the center and start of activity.} (14. d5 e5 15. h4 g4 16. Nd2 h5 17.
Nf1 Ng6 18. g3) 14... Ng6 15. e5 $2 {And this is a serious mistake now. White
should continue with his plan and play...} (15. c3 O-O 16. h3 f5 17. exf5 exf5
18. Bc2 {and keep some advantage.}) 15... O-O 16. exd6 cxd6 17. c3 {Too slow.
White should play} (17. h3 Qe7 18. Nbd2 f5 19. Bxg5 {This is thematic sac in
this structure.} hxg5 20. Qxe6+ Qxe6 21. Rxe6 Nf4 22. Rxd6 {with compensation
for the bishop.}) 17... g4 18. Nfd2 f5 {Now Black start to 'play chess'} 19.
Nc4 (19. f3 Nf6 20. Bc4) 19... Nh4 $6 {...and this is over optimistic. Simply
and strong was} (19... Nf6 $1 20. Nbd2 Nd5 {and dark cloud is coming on the
white position}) 20. Bxh6 {Brave, but what else? Black start to play on
initiative and white should make a quick answer} Bxh6 21. Qxe6+ {The same
position is after} (21. Nxd6 Bxg2 22. Qxe6+ Kg7) 21... Kg7 22. Nxd6 Bxg2 23.
Nxf5+ Rxf5 24. Bxf5 Nf6 25. Bxg4 {Natural but not the best. Better was try to
go to the endgame with drawing chance.} (25. Qe7+ Qxe7 26. Rxe7+ Kf8 27. Re6
Bg5 28. Nd2 Bd5 29. Rxf6+ (29. Rxb6 Nxf5) 29... Bxf6 30. Bxg4 Re8 31. h3) 25...
Bd5 26. Qe5 {In this complicate position white makes the wrong move. Again it
was better to force into the endgame.} (26. Qe7+ Kh8 27. Qxd8+ Rxd8 28. Be6
Nf3+ 29. Kf1 Nxh2+ 30. Kg1 Nf3+ 31. Kf1 Nxe1 32. Bxd5 Nxd5 33. Rxe1) 26... Ng6
27. Qf5 Nh4 {Black accepts draw without time for deep approch to the position 
(2 minutes on the clock at this time). But after} (27... Ra7 $1 {... black is
obiously better side. GM Ikonnikov pointed this out after the game.} 28. c4 Nh4
29. Qe5 Bf3 {with the strong initiative.}) 28. Qe5 Ng6 29. Qf5 Nh4 {Draw.... I
think blacks 'experiment' is not the best option to play 'on win' because it
gives white a lot of opportunity for good play even without taking any risk.
Sicilian is still much better choice for 'Black win' :-)} 1/2-1/2

[Event "36. Open Untergrombach A-Turnier"]
[Site "?"]
[Date "2019.01.05"]
[Round "6.3"]
[White "Kurayan, Ruslan"]
[Black "Nekrasov, Mihail"]
[Result "1-0"]
[WhiteElo "2376"]
[BlackElo "2295"]
[PlyCount "87"]

1. e4 c5 2. Nf3 e6 3. d4 cxd4 4. Nxd4 Nf6 5. Nc3 Nc6 6. Ndb5 Bb4 7. a3 Bxc3+ 8.
Nxc3 d5 9. exd5 exd5 10. Bd3 d4 11. Ne2 O-O 12. O-O Bg4 13. f3 Bh5 14. Bg5 Bg6
15. Qd2 Rc8 16. Rad1 Re8 17. Rf2 h6 18. Bh4 Qe7 19. Nf4 Bxd3 20. Nd5 Qe6 21.
Nxf6+ gxf6 22. Qxd3 Kg7 23. f4 f5 24. Rf3 Qe2 25. Rg3+ Kf8 26. Bf6 Qxd3 27.
Bg7+ Kg8 28. Rdxd3 Kh7 29. c3 dxc3 30. Bxc3 Rg8 31. Rxg8 Kxg8 32. Rd6 Kf8 33.
Rxh6 Ne7 34. Rd6 Ng6 35. g3 Ke7 36. Bb4 Ke8 37. Rd2 Rc1+ 38. Kg2 Nf8 39. h4 Nh7
40. Re2+ Kd8 41. Bc3 f6 42. Bb4 Rc7 43. Kf3 Rg7 44. Rd2+ 1-0

[Event "36. Open Untergrombach A-Turnier"]
[Site "?"]
[Date "2019.01.05"]
[Round "6.4"]
[White "Müller, Erich"]
[Black "Stets, Dmitry"]
[Result "0-1"]
[WhiteElo "2056"]
[BlackElo "2374"]
[PlyCount "74"]

1. f4 g6 2. Nf3 Bg7 3. e3 d6 4. Be2 e5 5. fxe5 dxe5 6. Nc3 Nd7 7. O-O Ne7 8. e4
O-O 9. Bc4 Nc5 10. d3 Be6 11. Be3 Qd6 12. b4 Na6 13. Bxe6 Qxe6 14. b5 Nb8 15.
Bc5 c6 16. bxc6 Nbxc6 17. Nd5 Qd7 18. Nd2 f5 19. Nxe7+ Nxe7 20. exf5 gxf5 21.
Qh5 Rae8 22. Rae1 b6 23. Ba3 Rf6 24. Qh4 Rh6 25. Qc4+ Kh8 26. Nf3 Rc6 27. Qb3
Ng6 28. Bb2 h6 29. h4 e4 30. Bxg7+ Qxg7 31. h5 Rg8 32. hxg6 exf3 33. Qf7 Qd4+
34. Kh2 Rcxg6 35. g3 Rxg3 36. Qh5 Qf4 37. Kh1 R3g4 0-1

[Event "36. Open Untergrombach A-Turnier"]
[Site "?"]
[Date "2019.01.05"]
[Round "6.5"]
[White "Podat, Vladimir"]
[Black "Dauner, Benedikt"]
[Result "1-0"]
[WhiteElo "2340"]
[BlackElo "2079"]
[Annotator "IM Heinz Fuchs"]
[PlyCount "91"]

1. d4 Nf6 2. c4 Nc6 {verlässt bekannte Bahnen.} 3. Nf3 e6 4. Nc3 {4. a3 ist
die Alternative} Bb4 {5. Dc2 und Lg5 wurden hier an dieser Stelle bereits
gespielt} 5. Bd2 O-O 6. Qc2 d6 {auch 6... d5 ist spielbar} 7. a3 Bxc3 8. Bxc3
Qe7 9. e3 e5 {Aufgrund des Läuferpaares besitzt Weiß einen minimalen Vorteil. 
Doch was nun, welcher weiße Spielplan verspricht am meisten? Sollte man
mittels 10. d5 die Stellung geschlossen halten  und am Damenflügel die
Initiative ergreifen oder mittels 10. dex die Stellung öffnen und taktische
Verwicklungen suchen?  Laut Rechner ist 10. d5 der beste Zug, doch ich denke,
strategisch auf lange Sicht gesehen, ist das öffnen der Stellung mittels  dex
besser. Hier kommt meines Erachtens das Läuferpaar besser zur Geltung!} 10.
dxe5 dxe5 11. Bd3 $5 {die Züge 11. b4 oder 11. Le2 sind alternativ zu überlegen
} Re8 12. Nd2 Bg4 $6 (12... e4 $1 13. Be2 {verspricht Ausgleich, da nach} (13.
Bxf6 $2 exd3 14. Bxe7 dxc2 15. Bg5 Bf5 {Schwarz klar besser steht.})) 13. Ne4
Nd4 $2 {Leider vertauscht Schwarz hier die Züge. Zuerst 13...Se4x 14. Le4x und
jetzt Sd4! mit dickem Ausgleich} (13... Nxe4 14. Bxe4 Nd4 $1) 14. exd4 exd4 15.
Bxd4 Nxe4 16. O-O $1 {einfach aber effektiv} Bf5 $5 {Schwarz versucht
Verwicklungen herbeizuführen.  16...Dd6 war besser, allerdings wäre der weiße
Vorteil zwar geringer aber dafür dauerhaft.} 17. Rae1 Bg6 {was soll Schwarz
auch anderes machen?} 18. Re3 {ein feiner Zug, stark gespielt} Qd6 {vielleicht
hätte man hier 18...f5 versuchen sollen} 19. Bxg7 $2 {hätte ich auch gespielt.
Doch in dieser komplizierten Stellung schlägt die Stunde des Schachcomputers. 
Deutlich besser ist 19. La7! und Schwarz hat keinerlei Gegenspiel für den
Bauern.} Nxf2 {Schwarz findet hier nicht die rettende Idee} (19... Kxg7 20.
Bxe4 Qd4 $1 {mit Ausgleich! Hier würde nun sogar} 21. Rfe1 {wegen} Rxe4 22.
Rxe4 Re8 {verlieren.}) 20. c5 $5 {vielleicht ist hier} (20. Rxe8+ Rxe8 21. Qxf2
{besser?}) 20... Qd7 21. Bxg6 hxg6 (21... Rxe3 $2 {verliert wegen} 22. Bf5 Qe7
23. Bd4 Re2 24. Bxh7+ Kf8 25. Qf5 $18) 22. Rf3 $1 Kxg7 23. Qc3+ Kg8 24. R1xf2
Rad8 $2 (24... f5 {war alternativlos}) 25. Rxf7 Qxf7 26. Rxf7 Kxf7 $18 {die
schwarze Stellung ist verloren, obwohl das Material in etwa im Gleichgewicht
ist.  Die schwarze Königsstellung ist zu offen und die Bauern zu schwach.} 27.
Qb3+ Kf6 28. Qf3+ Kg5 29. h3 $1 {eine notwendige Prophelaxe, nun hat Schwarz
keine Chance mehr.} c6 30. Qf7 Rb8 31. Kh2 {Weiß hat Zeit und muß nichts
überstürzen.} Rf8 32. Qg7 Rg8 33. Qe7+ Kf4 (33... Kh6 {hätte etwas länger
Wiederstand geleistet}) 34. h4 a5 35. Qf6+ Ke4 36. Qf3+ Kd4 37. Qc3+ Kd5 38.
Qxa5 g5 39. hxg5 {nimmt einfach raus!  stärker wäre hier 39. h5 gewesen. Doch
die weiße Stellung ist bereits so haushoch gewonnen, dass genaues Spiel nicht
mehr erforderlich ist.} Rbe8 40. Qd2+ Kxc5 41. Qb4+ Kd5 42. Qxb7 Rh8+ 43. Kg3
Re5 44. Qd7+ Kc5 45. b4+ Kb5 46. Qb7+ {nun fällt auch noch der letzte Bauer.
Beeindruckend wie stark die weiße Dame gegen die beiden schwarzen Türme ist.
Ein heißer Kampf.} 1-0

[Event "36. Open Untergrombach A-Turnier"]
[Site "?"]
[Date "2019.01.05"]
[Round "6.6"]
[White "Kettner, Jürgen"]
[Black "Hermann, Jens"]
[Result "1-0"]
[WhiteElo "2237"]
[BlackElo "2034"]
[PlyCount "101"]

1. e4 d6 2. d4 g6 3. Nc3 Bg7 4. Be3 a6 5. a4 b6 6. Qd2 Nd7 7. Nf3 Bb7 8. Bd3 e6
9. O-O h6 10. Rfe1 Ne7 11. h3 Kf8 12. Ne2 Kg8 13. Ng3 Kh7 14. c4 c5 15. d5 e5
16. h4 a5 17. h5 Nf6 18. hxg6+ fxg6 19. Nh2 g5 20. Be2 Bc8 21. Qd1 Bd7 22. Ng4
Qc8 23. Nxf6+ Bxf6 24. Bh5 Bg7 25. f3 Qf8 26. Kh2 Ng8 27. Bg4 Be8 28. Rh1 Kg6
29. Kg1 Kf6 30. Bd2 Ke7 31. Qb3 Rb8 32. Be6 Bg6 33. Ra3 Qe8 34. Qa2 Kd8 35. Rb3
Kc7 36. Kf2 Ne7 37. Ra1 Qd8 38. Qb1 Rb7 39. Qe1 Qa8 40. Raa3 Bf6 41. Ne2 Qa6
42. Nc3 Be8 43. Nb5+ Bxb5 44. Rxb5 Rbb8 45. Rab3 Nc8 46. Bxa5 Kd8 47. Qh1 h5
48. Qh3 g4 49. fxg4 h4 50. g5 Bxg5 51. Qg4 1-0

[Event "36. Open Untergrombach A-Turnier"]
[Site "?"]
[Date "2019.01.05"]
[Round "6.7"]
[White "Martus, Jürgen"]
[Black "Cofmann, Veaceslav"]
[Result "0-1"]
[WhiteElo "1921"]
[BlackElo "2205"]
[PlyCount "112"]
[EventDate "2019.??.??"]

1. d4 Nf6 2. Bf4 c5 3. e3 d5 4. Nd2 cxd4 5. exd4 Qb6 6. Nb3 Bf5 7. Bd3 Bxd3 8.
Qxd3 Nc6 9. c3 e6 10. Nf3 Be7 11. O-O O-O 12. h3 Ne4 13. Nfd2 Nxd2 14. Qxd2 a5
15. Nc1 a4 16. a3 Na5 17. Qe2 Nc4 18. Nd3 Qb5 19. Rfe1 Rfe8 20. Ne5 Nd6 21.
Qxb5 Nxb5 22. Nd3 Ra6 23. Bg3 Rc6 24. Ne5 Rb6 25. Nd7 Ra6 26. Ne5 Nd6 27. Re2
Rd8 28. f3 h5 29. Rae1 Nf5 30. Bf2 h4 31. Nd3 Bd6 32. Ne5 Rc8 33. Rc1 Rc7 34.
Rcc2 Rb6 35. Be1 Rb3 36. Nd3 Nxd4 37. cxd4 Rxd3 38. Rxc7 Bxc7 39. Rc2 Bb6 40.
Bxh4 Rxd4 41. Bf2 Rd1+ 42. Kh2 Bxf2 43. Rxf2 Rc1 44. Kg3 Rc4 45. Rd2 Kf8 46. f4
Ke7 47. Kf3 Kd6 48. g4 Rc1 49. h4 Rh1 50. Kg3 f6 51. Rd4 b5 52. h5 Rg1+ 53. Kf3
e5 54. Rb4 e4+ 55. Kf2 Rxg4 56. Rxb5 Rxf4+ 0-1

[Event "36. Open Untergrombach A-Turnier"]
[Site "?"]
[Date "2019.01.05"]
[Round "6.8"]
[White "Wiechert, Hans"]
[Black "Keil, Roland"]
[Result "1/2-1/2"]
[WhiteElo "2167"]
[BlackElo "2031"]
[PlyCount "129"]

1. d4 d5 2. c4 e6 3. Nf3 Nf6 4. g3 Bb4+ 5. Bd2 Bd6 6. Nc3 c6 7. Qc2 O-O 8. e4
dxe4 9. Nxe4 Nxe4 10. Qxe4 Nd7 11. c5 Be7 12. Bd3 Nf6 13. Qe2 b6 14. O-O-O bxc5
15. dxc5 Qd5 16. Kb1 Qxc5 17. Ne5 Bb7 {(=)} 18. g4 Rad8 19. g5 Nd5 20. Rc1 Qd6
21. Qh5 f5 22. g6 Nf6 23. gxh7+ Nxh7 24. Bc3 Nf6 25. Qg6 Nd5 26. Nc4 Nxc3+ 27.
Rxc3 Qd5 28. Rg1 Bf6 29. Ne3 Qd6 30. Rb3 Bc8 31. Bc4 Qxh2 32. Nxf5 Qh7 33.
Qxh7+ Kxh7 34. Rh3+ Kg8 35. Nh6+ Kh7 36. Nf7+ Kg8 37. Nxd8 Rxd8 38. Rd3 Bd4 39.
Rgd1 c5 40. b4 Re8 41. bxc5 Bxc5 42. Bb5 Rf8 43. Rd8 Bb6 44. Rxf8+ Kxf8 45. Bc6
e5 46. f3 Bf5+ 47. Kb2 Bd4+ 48. Ka3 Ke7 49. Kb4 Kd6 50. Bb5 Be6 51. Bc4 Bd5 52.
Bxd5 Kxd5 53. Re1 g5 54. Re4 Bf2 55. Kb5 Bd4 56. Kb4 Bc5+ 57. Kc3 Bd4+ 58. Kd3
Ke6 59. Rg4 Kf5 60. Kc4 Be3 61. Kd5 Bf4 62. Rg2 Be3 63. Rg4 Bf4 64. Rg2 Be3 65.
Rg4 1/2-1/2

[Event "36. Open Untergrombach A-Turnier"]
[Site "?"]
[Date "2019.01.06"]
[Round "6.9"]
[White "Medvedovski, Michael"]
[Black "Prestel, Oliver"]
[Result "1/2-1/2"]
[WhiteElo "2082"]
[BlackElo "2108"]
[PlyCount "134"]

1. e4 e6 2. Nf3 d5 3. Nc3 Nf6 4. e5 Nfd7 5. d4 a6 6. Bd3 c5 7. dxc5 Nxc5 8. O-O
Nc6 9. h4 Qc7 10. Bf4 Be7 11. Qd2 Nxd3 12. cxd3 h6 13. Ne2 Bd7 14. Rfc1 Qb6 15.
Be3 Qb4 16. g3 Qxd2 17. Bxd2 O-O 18. Ned4 f6 19. Nxc6 bxc6 20. Be3 Rab8 21. b3
Rfc8 22. Bc5 Bd8 23. b4 Bc7 24. d4 Be8 25. Re1 Bh5 26. Nd2 fxe5 27. dxe5 Bb6
28. Bd6 Rb7 29. Nb3 Ba7 30. a3 g5 31. hxg5 hxg5 32. Bc5 Bb8 33. Nd4 Rh7 34. Kg2
Kf7 35. f3 Bg6 36. Rh1 Bxe5 37. Rxh7+ Bxh7 38. Re1 Bf6 39. Rxe6 Bxd4 40. Re7+
Kf6 41. Rxh7 Bxc5 42. bxc5 d4 43. Rd7 {(=)} Ke5 44. Rd6 a5 45. a4 Rb8 46. Rxc6
Rb2+ 47. Kh3 Kd5 48. Rc8 Rc2 49. f4 gxf4 50. gxf4 Rxc5 51. Rxc5+ Kxc5 52. Kg3
Kc4 53. f5 d3 54. f6 d2 55. f7 d1=Q 56. f8=Q Qg1+ 57. Kh3 Qe3+ 58. Kg2 Kb3 59.
Qg8+ Kxa4 60. Qc4+ Ka3 61. Kf1 Qf3+ 62. Ke1 Qb3 63. Qc1+ Qb2 64. Qe3+ Ka2 65.
Kd1 a4 66. Qc1 a3 67. Qc2 Ka1 1/2-1/2

[Event "36. Open Untergrombach A-Turnier"]
[Site "?"]
[Date "2019.01.05"]
[Round "6.10"]
[White "Fricke, Michael"]
[Black "Zimmermann, Paul"]
[Result "0-1"]
[WhiteElo "1913"]
[BlackElo "2114"]
[PlyCount "88"]

1. e4 c6 2. d4 d5 3. Nc3 dxe4 4. Nxe4 Nd7 5. Bc4 Ngf6 6. Ng5 e6 7. Qe2 Nb6 8.
Bb3 h6 9. N5f3 Qc7 10. Ne5 c5 11. dxc5 Bxc5 12. Ngf3 O-O 13. Bd2 Nbd7 14. O-O-O
Nxe5 15. Nxe5 Rd8 16. Rhe1 Bd7 17. Kb1 Bc6 18. Nxc6 Qxc6 19. f3 Be7 20. Bc3
Rxd1+ 21. Rxd1 Rd8 22. Rxd8+ Bxd8 23. Qe5 Bc7 24. Qd4 Qd6 25. g3 Kh7 26. Kc1 b6
27. Qxd6 Bxd6 28. Bd4 Nd7 29. Kd2 e5 30. Be3 Kg6 31. Bd5 f5 32. Kd3 Kf6 33. Kc4
g5 34. Kb5 f4 35. Bf2 Bc5 36. Bxc5 Nxc5 37. b4 Ne6 38. Be4 h5 39. c3 g4 40.
fxg4 hxg4 41. gxf4 exf4 42. Ka6 Ke5 43. Bg2 Ng5 44. Kxa7 Nf3 0-1

[Event "36. Open Untergrombach A-Turnier"]
[Site "U gromb."]
[Date "2019.01.05"]
[Round "6.16"]
[White "Giacomelli, Bernd"]
[Black "Clauß, Benjamin"]
[Result "1-0"]
[WhiteElo "1962"]
[BlackElo "1761"]
[Annotator "Bernd Giacomelli"]
[PlyCount "49"]

1. Nf3 Nf6 2. c4 g6 3. d4 d5 4. cxd5 Nxd5 5. e4 Nb6 6. Nc3 Bg7 7. h3 O-O 8. Be2
c5 $1 9. dxc5 N6d7 10. Be3 Qa5 11. O-O Rd8 12. Nd5 Nc6 13. b4 Nxb4 14. Nxe7+
Kh8 15. Qb3 (15. Ng5 Ne5) 15... Nxc5 16. Qxf7 Nxe4 $1 {kontrolliert  g5 und f5}
(16... Rf8 17. Ng5 Be6 {ist Zugumstellung}) (16... Be6 17. Ng5 Rf8 $1 18. Nxg6+
hxg6 19. Qxg6 Rf6 20. Qh7#) 17. Rad1 Rf8 18. Qc4 Nc3 (18... Bf5) 19. Ng5 $18
Nxe2+ 20. Qxe2 (20. Kh1 $142 $1 {- - Kh1 verwarf ich, weil  Se2  d4
kontrolliert} Be5 (20... Bf5 $2 21. Qg8+) 21. Qh4 {21. Dh4 sah ich nicht})
20... Qe5 (20... Qxa2 {meine Erwartung.  Selbst bei Damentausch stehen vier
Figuren zum Angriff bereit} 21. Qxa2 Nxa2 22. Rd8 Be6 23. Rxa8 (23. Rxf8+ Bxf8
24. Bd4+ Bg7 25. Bxg7+ Kxg7 26. Nxe6+ Kf7 27. Nc7 Rd8 28. Ned5 $18) 23... Rxa8
24. Nxe6 Re8 25. Rd1 $18 Nc3 (25... Rxe7 $2 26. Rd8+ Bf8 27. Rxf8#) 26. Rd7 $18
) 21. Nf7+ {die einzige Fortsetzung, die ich nach der Ãoberraschung - De5 fand}
(21. Nxg6+ $142 hxg6 {nach diesem Opfer läuft es besser als nach Sf7 +}) 21...
Rxf7 22. Rd8+ Rf8 23. Bd4 $1 {da bemerkte ich, dass dies ein Damenopfer war,
doch die restl. drei Figuren erledigen das schon} Bg4 (23... Qf4 $1 {von einem
Frankfurter Zuschauer  gefunden. Darauf waren die Spieler fürs erste 
sprachlos.}) (23... Qxe2 $2 24. Rxf8#) (23... Qxd4 24. Rxd4 Bxd4 25. Qc4 $1 {
3 Figuren für die Dame ist zu viel, doch ich bekomm eine zurück} Bf6 26. Qxb4
$18) 24. Qxe5 Bxe5 25. Bxe5# 1-0

[Event "36. Open Untergrombach A-Turnier"]
[Site "?"]
[Date "2019.01.06"]
[Round "7.1"]
[White "Meijers, Viesturs"]
[Black "Podat, Vladimir"]
[Result "0-1"]
[WhiteElo "2433"]
[BlackElo "2340"]
[PlyCount "60"]

1. d4 d5 2. Nf3 Nf6 3. g3 b5 4. Bg2 Bb7 5. O-O e6 6. a4 b4 7. a5 Be7 8. Nbd2
O-O 9. Nb3 Ba6 10. Ne5 Bb5 11. Bd2 Na6 12. Nd3 Ne4 13. Be1 Rb8 14. f3 Nd6 15.
Bf2 Nb7 16. Re1 Qc8 17. e4 dxe4 18. fxe4 c5 19. dxc5 Nbxc5 20. Nbxc5 Nxc5 21.
Nxb4 Ba4 22. Qd4 a6 23. e5 Rd8 24. Qc3 Bb5 25. Red1 Na4 26. Qxc8 Rdxc8 27. Nxa6
Bxa6 28. Rxa4 Rxc2 29. Bd4 Rd8 30. Bf3 Bb5 0-1

[Event "36. Open Untergrombach A-Turnier"]
[Site "?"]
[Date "2019.01.06"]
[Round "7.2"]
[White "Stets, Dmitry"]
[Black "Kurayan, Ruslan"]
[Result "1-0"]
[WhiteElo "2374"]
[BlackElo "2376"]
[PlyCount "109"]

1. e4 c5 2. Nf3 d6 3. d4 Nf6 4. Nc3 cxd4 5. Nxd4 g6 6. Be3 Bg7 7. f3 O-O 8. Bc4
Nc6 9. Bb3 Bd7 10. h4 Qa5 11. Qd2 Rfc8 12. h5 Nxh5 13. O-O-O Ne5 14. Nd5 Qxd2+
15. Rxd2 Kf8 16. g4 Nf6 17. Rdh2 e6 18. Nxf6 Bxf6 19. Rxh7 a5 20. g5 Bg7 21. a4
Nd3+ 22. Kb1 Nc5 23. Nf5 gxf5 24. exf5 exf5 25. Rxg7 Be6 26. Bd4 Nxb3 27. cxb3
Bxb3 28. g6 Ke7 29. Rgh7 f4 30. Re1+ Kd7 31. Bc3 Re8 32. Rxe8 Rxe8 33. g7 Rg8
34. Bf6 Ke6 35. Rh6 Kf5 36. Kc1 Bxa4 37. Bc3 f6 38. Rxf6+ Kg5 39. Rxd6 Bc6 40.
Rd3 Kh4 41. Be5 Kg3 42. Rd4 Bxf3 43. Rxf4 Kg2 44. Kd2 Bc6 45. Ke3 b5 46. Kd4
Bd7 47. Kd5 b4 48. Rf8 Ba4 49. Kc5 Bb3 50. Kb5 Be6 51. Kxa5 b3 52. Kb6 Kh3 53.
Kc6 Kg4 54. Kd6 Bc4 55. Rf4+ 1-0

[Event "36. Open Untergrombach A-Turnier"]
[Site "?"]
[Date "2019.01.07"]
[Round "7.3"]
[White "Ikonnikov, Vyacheslav"]
[Black "Kettner, Jürgen"]
[Result "1-0"]
[WhiteElo "2544"]
[BlackElo "2237"]
[PlyCount "67"]

1. d4 g6 2. c4 Nf6 3. Nc3 Bg7 4. e4 d6 5. Be2 O-O 6. Nf3 e5 7. d5 a5 8. Be3 Ng4
9. Bg5 f6 10. Bh4 Qe8 11. h3 Nh6 12. Nd2 Na6 13. O-O Bd7 14. b3 f5 15. a3 Kh8
16. Rb1 Nc5 17. f3 Nf7 18. Qc2 Bh6 19. b4 axb4 20. axb4 Na4 21. Nb5 Be3+ 22.
Bf2 Bxf2+ 23. Rxf2 fxe4 24. Nxe4 Bxb5 25. cxb5 Qe7 26. Rc1 Rfc8 27. f4 Nb6 28.
Bg4 Nxd5 29. Bxc8 Rxc8 30. fxe5 Nxe5 31. Qd2 Nb6 32. Qd4 Re8 33. Kh1 h6 34.
Rfc2 1-0

[Event "36. Open Untergrombach A-Turnier"]
[Site "?"]
[Date "2019.01.06"]
[Round "7.5"]
[White "Nekrasov, Mihail"]
[Black "Wilhelm, Jochen"]
[Result "1/2-1/2"]
[WhiteElo "2295"]
[BlackElo "2108"]
[PlyCount "40"]

1. e4 c5 2. Nf3 Nc6 3. Bb5 g6 4. Bxc6 dxc6 5. d3 Bg7 6. Nc3 Bg4 7. h3 Bxf3 8.
Qxf3 Nf6 9. O-O O-O 10. Qe2 e5 11. Be3 Nd7 12. Qd2 Qe7 13. Bh6 Rad8 14. Bxg7
Kxg7 15. Ne2 f6 16. Qc3 b6 17. a3 a5 18. a4 Qd6 19. Kh1 Rde8 20. Rae1 Rf7
1/2-1/2

[Event "36. Open Untergrombach A-Turnier"]
[Site "?"]
[Date "2019.01.06"]
[Round "7.6"]
[White "Faulhaber, Rolf"]
[Black "Wiechert, Hans"]
[Result "1/2-1/2"]
[WhiteElo "2034"]
[BlackElo "2167"]
[PlyCount "38"]

1. Nf3 d5 2. c4 e6 3. g3 Nf6 4. Bg2 Be7 5. O-O O-O 6. d4 dxc4 7. Qc2 a6 8. a4
Bd7 9. Qxc4 Bc6 10. Bf4 Bd6 11. Qc1 Nbd7 12. Nc3 b5 13. Ne5 Bxg2 14. Kxg2 c5
15. Nxd7 Qxd7 16. Bxd6 Qxd6 17. dxc5 Qc6+ 18. Kg1 Qxc5 19. Qf4 h6 {(=)} 1/2-1/2

[Event "36. Open Untergrombach A-Turnier"]
[Site "?"]
[Date "2019.01.06"]
[Round "7.7"]
[White "Zimmermann, Paul"]
[Black "Müller, Erich"]
[Result "0-1"]
[WhiteElo "2114"]
[BlackElo "2056"]
[PlyCount "126"]

1. d4 f5 2. Nf3 Nf6 3. g3 g6 4. Bg2 Bg7 5. c4 O-O 6. O-O d6 7. Nc3 Nc6 8. Qc2
e5 9. dxe5 dxe5 10. Rd1 Bd7 11. b3 e4 12. Nd4 Nb4 13. Qd2 Qe7 14. Nc2 a5 15.
Bb2 Bc6 16. Nd4 Rfd8 17. Nxc6 Nxc6 18. Qc1 Nb4 19. a3 Na6 20. Qc2 c6 21. e3 Ng4
22. Ne2 Bxb2 23. Qxb2 Nc5 24. Rf1 Nd3 25. Qc3 Rd7 26. h3 Nge5 27. Rfd1 b6 28.
Nd4 c5 29. Nc2 Rad8 30. Ne1 Qg7 31. Qc2 Nxe1 32. Rxe1 Rd2 33. Qc1 Qd7 34. Qc3
Qd6 35. b4 axb4 36. axb4 cxb4 37. Qb3 Rd3 38. c5+ Rxb3 39. cxd6 Rxd6 40. Reb1
Ra3 41. Bf1 Nd3 42. Rxa3 bxa3 43. Ra1 Kf7 44. Rxa3 Ke6 45. Be2 b5 46. Kf1 b4
47. Rb3 Rb6 48. f3 Ne5 49. f4 Nd3 50. Bxd3 exd3 51. Rxd3 b3 52. Rd1 b2 53. Rb1
Kd5 54. Ke2 Kc4 55. g4 Kb3 56. e4 Kc2 57. Rxb2+ Kxb2 58. exf5 gxf5 59. Ke3 Re6+
60. Kf3 Kc3 61. gxf5 Re7 62. h4 Kd4 63. h5 h6 0-1

[Event "36. Open Untergrombach A-Turnier"]
[Site "?"]
[Date "2019.01.06"]
[Round "7.8"]
[White "Prestel, Oliver"]
[Black "Lehmann, Sven"]
[Result "1/2-1/2"]
[WhiteElo "2108"]
[BlackElo "2027"]
[PlyCount "40"]

1. d4 d6 2. Nf3 g6 3. c4 Bg7 4. Nc3 e5 5. e4 Nc6 6. d5 Nd4 7. Be2 c5 8. O-O {
(=)} Ne7 9. Ne1 O-O 10. Nd3 f5 11. f4 fxe4 12. Nxe4 Bf5 13. Bf3 exf4 14. Bxf4
Bxe4 15. Bxe4 Nef5 16. Qd2 Qh4 17. Bxf5 Nxf5 18. g3 Qh3 19. Nf2 Bd4 20. Kh1
Bxf2 {(=)} 1/2-1/2